Crisis de la energía /

Guardado en:
書目詳細資料
主要作者: Furtado, Celso
格式: Texto
主題:
標簽: 添加標簽
沒有標簽, 成為第一個標記此記錄!

MARC

LEADER 00000 a a2200000 04500
001 5049
003
040
100 |a Furtado, Celso  
245 |a Crisis de la energía /  |c Celso Furtado 
650 |a ENERGIA  
773 |g número 62; páginas 1-14  
999 |c 32959  |d 32959